| 000 | 00516nam a22001937a 4500 | ||
|---|---|---|---|
| 005 | 20140415122743.0 | ||
| 010 | _aENG-109282 | ||
| 020 |
_a9789380224053 _c950.00 |
||
| 035 | _aEN-92815 | ||
| 037 | _bDBAD/PUB | ||
| 082 | _a020.285 | ||
| 100 | _aLata Suresh | ||
| 245 |
_aHandbook of library professionals / _cby Lata Suresh |
||
| 250 | _a | ||
| 260 |
_aJaipur _bShruti Publications _c2013 |
||
| 270 |
_a50-Ka-6, Jyoti Nagar _bJaipur _e302005 |
||
| 300 |
_axiv,330p. _c22cm(Hb) |
||
| 942 |
_2ddc _cEN _mLAT _e020.285 |
||
| 999 |
_c82441 _d82441 |
||